Influencia de los atributos en la formación de precios de hortalizas congeladas (Registro nro. 22854)

Detalles MARC
000 -LEADER
fixed length control field 00391 a2200121 4500
001 - CONTROL NUMBER
control field ART_23599
005 - DATE AND TIME OF LATEST TRANSACTION
control field 20260410161827.0
008 - FIXED-LENGTH DATA ELEMENTS--GENERAL INFORMATION
fixed length control field 260409a
100 1# - MAIN ENTRY--PERSONAL NAME
Personal name Rodriguez, Elsa
245 10 - TITLE STATEMENT
Title Influencia de los atributos en la formación de precios de hortalizas congeladas
700 1# - ADDED ENTRY--PERSONAL NAME
Personal name González, Julia
773 0# - HOST ITEM ENTRY
Title FACES
Related parts - Año 18, Nº 38/39 (ene./dic. 2012)
Record control number REV5046

No hay ítems disponibles.